Elektrostatyczne pozyskiwanie ziarn monokrystalicznych ze standardowego ścierniwa węglika krzemu / (Rekord nr 4473)
| 000 -ETYKIETA REKORDU | |
|---|---|
| podpole kontrolne o stałej długości | 01399nab a2200229 i 4500 |
| 001 - NUMER KONTROLNY REKORDU | |
| podpole kontrolne | BPP |
| 003 - IDENTYFIKATOR NUMERU KONTROLNEGO REKORDU | |
| podpole kontrolne | BPK |
| 005 - DATA OSTATNIEJ MODYFIKACJI REKORDU | |
| podpole kontrolne | 20160411142913.0 |
| 008 - POLE O STAŁEJ DŁUGOŚCI - DANE KONTROLNE | |
| podpole kontrolne o stałej długości | 140714s1981 pl | f |000 ||pol |
| 040 ## - ŹRÓDŁO KATALOGOWANIA | |
| Instytucja, która utworzyła rekord | BPK |
| 080 ## - UNIWERSALNA KLASYFIKACJA DZIESIĘTNA - UKD | |
| UKD | 621.9 |
| 100 ## - NAZWA OSOBOWA | |
| Nazwa osobowa | BORKOWSKI, Józef. |
| Lata pracy | 1975 - 1996. |
| Instytucja | Wyższa Szkoła Inżynierska w Koszalinie - Instytut Budowy Maszyn, |
| Wydział | Zakład Technologii Maszyn |
| 245 ## - TYTUŁ/ODPOWIEDZIALNOŚĆ | |
| Tytuł | Elektrostatyczne pozyskiwanie ziarn monokrystalicznych ze standardowego ścierniwa węglika krzemu / |
| Pozostałe elementy strefy tytułu i oznaczenia odpowiedzialności | Józef Borkowski, Mirosław Wiśniewski. |
| 260 ## - STREFA ADRESU WYDAWNICZEGO | |
| Data publikacji, dystrybucji/powstania dokumentu | 1981. |
| 500 ## - UWAGI OGÓLNE | |
| Tekst uwagi | Dane z autopsji. |
| 520 ## - UWAGA DOTYCZĄCA TREŚCI DOKUMENTU | |
| Analiza dokumentacyjna, adnotacja itp. | W artykule omówiono ogólne warunki zastosowania wysokonapięciowego pola elektrycznego do wzbogacania ścierniw węglika krzemu w ziarna monokrystaliczne. Przedstawiono stanowisko badawcze i metodykę przeprowadzonych eksperymentów oraz wyniki doświadczeń pozwalające na ocenę jakości segregacji. Omówiono także kierunki stosowania tego sposobu rozdziału ziarn ściernych. |
| 650 #0 - HASŁO PRZEDMIOTOWE W FORMIE NAZWY OGÓLNEJ LUB JEDNOSTKOWEJ | |
| Nazwa ogólna lub geograficzna | Materiały ścierne. |
| 650 #0 - HASŁO PRZEDMIOTOWE W FORMIE NAZWY OGÓLNEJ LUB JEDNOSTKOWEJ | |
| Nazwa ogólna lub geograficzna | Szlifowanie - narzędzia i maszyny. |
| 700 ## - HASŁO DODATKOWE - NAZWA OSOBOWA | |
| Nazwa osobowa | WIŚNIEWSKI, Mirosław. |
| Lata pracy | 1979 - 1996. |
| Instytucja | Wyższa Szkoła Inżynierska w Koszalinie - Instytut Budowy Maszyn, |
| Wydział | Zakład Technologii Maszyn |
| 773 ## - TYTUŁ DOKUMENTU MACIERZYSTEGO | |
| Wyrażenie wprowadzające | W : |
| Tytuł | Zeszyty Naukowe Wyższej Szkoły Inżynierskiej w Koszalinie. Prace Instytutu Budowy Maszyn. - |
| Informacje dotyczące relacji | 1981, nr 4 [16], s. 117-126 |
| 942 ## - HASŁO DODATKOWE - ELEMENTY(KOHA) | |
| Typ dokumentu | Artykuł |
| Schemat klasyfikacji | Uniwersalna klasyfikacja dziesiętna |
Brak dostępnych egzemplarzy.
